[Event "OLOB 1920 Bad Emstal/Wolfhagen - SV Med"]
[Site "?"]
[Date "2019.12.07"]
[Round "4.3"]
[White "Grund, Sebastian"]
[Black "Shkuran, Danylo"]
[Result "0-1"]
[WhiteElo "2000"]
[BlackElo "2328"]
[PlyCount "44"]
[EventDate "2019.??.??"]

1. d4 Nf6 2. Nf3 g6 3. c4 Bg7 4. Nc3 O-O 5. e4 d6 6. g3 Bg4 7. Bg2 Nc6 8. O-O
Nd7 9. Be3 e5 10. d5 Nd4 11. Bxd4 exd4 12. Ne2 Qf6 13. Nfxd4 Bxe2 14. Nxe2 Qxb2
15. Rb1 Qxa2 16. Rxb7 Qxc4 17. Qd2 Nc5 18. Rxc7 Nxe4 19. Qc2 Qxc2 20. Rxc2 Nc5
21. Nc3 Rfb8 22. Ne4 Nxe4 0-1

[Event "OLOB 1920 Bad Emstal/Wolfhagen - SV Med"]
[Site "?"]
[Date "2019.12.07"]
[Round "4.5"]
[White "Kirschbaum, Gunnar"]
[Black "Kersten, Uwe"]
[Result "0-1"]
[WhiteElo "2083"]
[BlackElo "2267"]
[PlyCount "78"]
[EventDate "2019.??.??"]

1. d4 Nf6 2. c4 c5 3. d5 g6 4. Nc3 Bg7 5. e4 d6 6. f4 O-O 7. Nf3 e6 8. Be2 exd5
9. cxd5 Nbd7 10. Nd2 Re8 11. O-O c4 12. Kh1 b5 13. Nxb5 Nxe4 14. Nxe4 Rxe4 15.
Nxd6 Rd4 16. Qc2 Nb6 17. Nxc8 Nxd5 18. Bd2 Rxc8 19. Rad1 Qc7 20. g3 Nb4 21.
Bxb4 Qb7+ 22. Bf3 Qxb4 23. Rxd4 Bxd4 24. b3 c3 25. f5 Qb5 26. Bg2 Re8 27. fxg6
hxg6 28. Qd1 Qc5 29. Qc2 Re3 30. Bf3 Qb5 31. Qg2 Re5 32. Bd1 Qd3 33. b4 Kg7 34.
Bb3 Re7 35. h3 Be5 36. g4 Rc7 37. Rd1 Qe3 38. Rf1 Bd4 39. Rf3 c2 0-1

[Event "OLOB 1920 Bad Emstal/Wolfhagen - SV Med"]
[Site "?"]
[Date "2019.12.07"]
[Round "4.6"]
[White "Schmidt, Alexander"]
[Black "Reichel, Norbert"]
[Result "1-0"]
[WhiteElo "2149"]
[BlackElo "2089"]
[PlyCount "83"]
[EventDate "2019.??.??"]

1. e4 c5 2. Nf3 Nc6 3. d4 cxd4 4. Nxd4 g6 5. Nc3 Bg7 6. Nb3 a5 7. a4 Nf6 8. Be2
O-O 9. O-O d6 10. f4 Nb4 11. Bf3 Bd7 12. h3 Rc8 13. Qe2 Be6 14. Rd1 Qc7 15. Nd4
Bc4 16. Qf2 Nd7 17. Be3 Qb8 18. Rac1 Nc5 19. b3 Ba6 20. Ncb5 Nc6 21. e5 Nxd4
22. Bxd4 Bxb5 23. axb5 Ne6 24. Ba7 Qc7 25. Bb6 Qd7 26. Be2 Ra8 27. c4 Rfc8 28.
Bg4 h5 29. Be2 Bh6 30. g3 Ng7 31. Kh2 Qe6 32. exd6 exd6 33. Bf3 Qe7 34. Qd2 a4
35. b4 Ne6 36. Qxd6 Qxd6 37. Rxd6 a3 38. c5 a2 39. Bxb7 Rcb8 40. Bxa8 Rxa8 41.
Ba5 Bg7 42. Rdd1 1-0

[Event "OLOB 1920 Bad Emstal/Wolfhagen - SV Med"]
[Site "?"]
[Date "2019.12.07"]
[Round "4.7"]
[White "Nguyen, Ha Thanh"]
[Black "Cherny, Andrey"]
[Result "0-1"]
[WhiteElo "1984"]
[BlackElo "2183"]
[PlyCount "110"]
[EventDate "2019.??.??"]

1. e4 d5 2. exd5 Qxd5 3. Nc3 Qd6 4. d4 c6 5. Nf3 Nf6 6. g3 Bg4 7. Bg2 e6 8. h3
Bxf3 9. Bxf3 Qc7 10. Qe2 Be7 11. Bf4 Qa5 12. O-O O-O 13. Rfd1 Rd8 14. a3 Qf5
15. Kg2 Nbd7 16. b4 Rac8 17. Rac1 a5 18. Ne4 Nd5 19. Bd2 N7f6 20. c4 Nc7 21.
Bc3 Nce8 22. Rb1 axb4 23. axb4 b5 24. cxb5 Nxe4 25. Bxe4 Qxb5 26. Bd3 Qb8 27.
Kh2 Nc7 28. Qc2 g6 29. Rb3 Nb5 30. Qb2 Bf6 31. Bc4 Qb6 32. Ra1 Bxd4 33. Bxd4
Qxd4 34. Qxd4 Rxd4 35. Rc1 Rb8 36. Rb2 Nd6 37. Bf1 Rb6 38. Kg2 Nf5 39. Kf3
Rdxb4 40. Rxb4 Rxb4 41. Rc5 Ne7 42. Bg2 f6 43. Ke2 Rb6 44. Rc4 Kf7 45. Rh4 h5
46. Rc4 e5 47. h4 Ke6 48. Rc3 Nd5 49. Rc2 f5 50. Kd2 e4 51. Bh3 Ke5 52. Bf1 f4
53. Bh3 e3+ 54. fxe3 fxe3+ 55. Ke2 Kd4 0-1

[Event "OLOB 1920 Bad Emstal/Wolfhagen - SV Med"]
[Site "?"]
[Date "2019.12.07"]
[Round "4.8"]
[White "Warnecke, Tobias"]
[Black "Rost, Detlef"]
[Result "1-0"]
[WhiteElo "2151"]
[BlackElo "1892"]
[PlyCount "83"]
[EventDate "2019.??.??"]

1. e4 c5 2. Nc3 Nc6 3. Bb5 e6 4. Bxc6 bxc6 5. d3 d6 6. f4 g6 7. Nf3 Bg7 8. O-O
Ne7 9. Qe1 O-O 10. Qh4 f5 11. Bd2 Ba6 12. Ng5 h6 13. Nxe6 Qd7 14. Nxf8 Rxf8 15.
e5 dxe5 16. fxe5 g5 17. Qa4 Bb5 18. Qb3+ c4 19. Qb4 Bxe5 20. Be3 Bd6 21. Bc5 a5
22. Qa3 Bxc5+ 23. Qxc5 cxd3 24. Nxb5 cxb5 25. cxd3 Rc8 26. Qe5 Rf8 27. Rfe1 Kf7
28. Rac1 Ng6 29. Qc7 Rd8 30. g3 f4 31. Qb6 Qd4+ 32. Qxd4 Rxd4 33. Rc7+ Kf6 34.
Rc6+ Kf7 35. Ree6 Ne7 36. Rcd6 Nf5 37. Rf6+ Ke7 38. Rde6+ Kd7 39. Ra6 Nd6 40.
gxf4 gxf4 41. Rxh6 Rxd3 42. h4 1-0

[Event "OLOB 1920 SK Marburg 1931/1972 - SV 186"]
[Site "?"]
[Date "2019.12.07"]
[Round "4.1"]
[White "Gerhardt, Frank"]
[Black "Dorst, Johannes"]
[Result "1-0"]
[WhiteElo "2189"]
[BlackElo "2226"]
[PlyCount "71"]
[EventDate "2019.??.??"]

1. e4 c5 2. Nf3 Nc6 3. d4 cxd4 4. Nxd4 Nf6 5. Nc3 e5 6. Ndb5 d6 7. Bg5 a6 8.
Na3 b5 9. Bxf6 gxf6 10. Nd5 Bg7 11. c3 Ne7 12. Nxe7 Qxe7 13. Bd3 O-O 14. O-O f5
15. exf5 e4 16. Re1 Bxf5 17. Qe2 Rfe8 18. Rad1 Qg5 19. Bc2 Bg4 20. Qd2 e3 21.
fxe3 Bxd1 22. Bxd1 Rad8 23. Nc2 Re6 24. Bf3 d5 25. Rd1 Bh6 26. Qd3 Red6 27. Qe2
Qe5 28. Rd3 a5 29. a3 Bf8 30. Qd2 Rh6 31. g3 Bc5 32. Kg2 Qf5 33. Nd4 Qh3+ 34.
Kg1 Bxd4 35. Rxd4 Rdd6 36. Bg4 1-0

[Event "OLOB 1920 SK Marburg 1931/1972 - SV 186"]
[Site "?"]
[Date "2019.12.07"]
[Round "4.2"]
[White "Rolle, Eric"]
[Black "Hermannsdoerfer, Frank"]
[Result "1-0"]
[WhiteElo "2196"]
[BlackElo "2158"]
[PlyCount "83"]
[EventDate "2019.??.??"]

1. d4 d6 2. Nc3 Nf6 3. e4 e5 4. Nf3 exd4 5. Nxd4 Be7 6. h3 O-O 7. Be3 Re8 8.
Bc4 Bf8 9. O-O Nbd7 10. Bg5 h6 11. Bh4 Ne5 12. Bxf6 Qxf6 13. Be2 c6 14. f4 Ng6
15. Qd2 Bd7 16. a4 a6 17. Nb3 Rad8 18. a5 Qh4 19. Bd3 Ne7 20. f5 Nc8 21. Rf4
Qf6 22. Rg4 Kh8 23. Qf2 d5 24. exd5 Nd6 25. Nd4 c5 26. Nde2 c4 27. Bxc4 Bxf5
28. Rf4 Qe5 29. Bd3 Bxd3 30. cxd3 Qe3 31. Rd1 f5 32. Nd4 Qxf2+ 33. Rxf2 g6 34.
Ne6 Rc8 35. Na4 Be7 36. Nb6 Rb8 37. g4 Bh4 38. Rc2 Re7 39. Kg2 Rf7 40. Rdc1 Bd8
41. Nc8 Be7 42. Rc7 1-0

[Event "OLOB 1920 SK Marburg 1931/1972 - SV 186"]
[Site "?"]
[Date "2019.12.07"]
[Round "4.3"]
[White "Franke, Luca"]
[Black "Alber, Horst"]
[Result "1/2-1/2"]
[WhiteElo "1880"]
[BlackElo "2272"]
[PlyCount "84"]
[EventDate "2019.??.??"]

1. d4 Nf6 2. c4 g6 3. g3 Bg7 4. Bg2 Nc6 5. Nf3 a6 6. Nc3 Rb8 7. d5 Na5 8. Qd3
c5 9. Bf4 d6 10. Nd2 O-O 11. a4 Ng4 12. O-O Ne5 13. Bxe5 dxe5 14. Rab1 f5 15.
e4 Nc6 16. Nb3 Qd6 17. a5 Bd7 18. Ne2 b6 19. Qd2 Nd4 20. Nbxd4 exd4 21. b4 cxb4
22. Rxb4 bxa5 23. Rxb8 Rxb8 24. Qxa5 Rc8 25. Rc1 Qc5 26. Qd2 a5 27. Nf4 fxe4
28. Bxe4 Bh6 29. Bd3 a4 30. Qe2 Bxf4 31. gxf4 a3 32. Ra1 Rb8 33. Ra2 Rb3 34.
Qc2 Rc3 35. Qd2 Bf5 36. Bxf5 gxf5 37. Qe2 Qd6 38. Qh5 d3 39. Qxf5 Rxc4 40. Qxd3
Qxf4 41. Qxa3 Qg5+ 42. Kf1 Qxd5 1/2-1/2

[Event "OLOB 1920 SK Marburg 1931/1972 - SV 186"]
[Site "?"]
[Date "2019.12.07"]
[Round "4.4"]
[White "Henrich, Thomas"]
[Black "Kitzig, Tobias"]
[Result "1/2-1/2"]
[WhiteElo "2172"]
[BlackElo "1468"]
[PlyCount "84"]
[EventDate "2019.??.??"]

1. e4 e5 2. Nf3 Nf6 3. Nc3 Nc6 4. Bb5 Bb4 5. O-O O-O 6. d3 d6 7. h3 a6 8. Bxc6
bxc6 9. Ne2 h6 10. Ng3 Re8 11. a3 Ba5 12. b4 Bb6 13. Bb2 c5 14. c4 Bd7 15. Qd2
c6 16. Rfe1 cxb4 17. axb4 a5 18. Bc3 axb4 19. Bxb4 c5 20. Bc3 Nh7 21. Rxa8 Qxa8
22. Nh4 Bd8 23. Nhf5 Bg5 24. Qb2 Qc6 25. h4 Be7 26. Rb1 g6 27. Nxe7+ Rxe7 28.
h5 Be6 29. Bd2 g5 30. Qb8+ Re8 31. Rb6 Rxb8 32. Rxc6 Rb1+ 33. Nf1 Rb3 34. Rxd6
Nf6 35. Rd8+ Kg7 36. Ng3 Rb1+ 37. Nf1 Rb3 38. Be3 Nd7 39. Nd2 Rxd3 40. Kf1 Rc3
41. Ke2 Nf6 42. Bxc5 Nxh5 1/2-1/2

[Event "OLOB 1920 SK Marburg 1931/1972 - SV 186"]
[Site "?"]
[Date "2019.12.07"]
[Round "4.5"]
[White "Ahmed, Daniel"]
[Black "Duncker, Joachim"]
[Result "0-1"]
[WhiteElo "1914"]
[BlackElo "2198"]
[PlyCount "78"]
[EventDate "2019.??.??"]

1. d4 Nf6 2. Nf3 g6 3. c4 Bg7 4. Nc3 d6 5. e4 O-O 6. h3 c5 7. Be3 Qa5 8. Qd2
cxd4 9. Nxd4 Nc6 10. Nb3 Qb4 11. Nc1 Be6 12. a3 Qa5 13. Nb3 Qd8 14. f3 Nh5 15.
Bf2 Be5 16. Nd5 Bxd5 17. exd5 Bf4 18. Be3 Bg3+ 19. Kd1 Nb8 20. Bh6 Re8 21. f4
Nd7 22. Be2 Ndf6 23. Rf1 Qb6 24. Qd3 e5 25. dxe6 Rxe6 26. f5 Re5 27. Kc2 Rae8
28. Nd4 Re4 29. Ne6 Be5 30. Rab1 Ng3 31. Bf3 fxe6 32. Bxe4 Nfxe4 33. Be3 Qc6
34. fxg6 Nxf1 35. gxh7+ Kh8 36. Rxf1 Rc8 37. b3 b5 38. Kb1 bxc4 39. Qc2 Nc3+
0-1

[Event "OLOB 1920 SK Marburg 1931/1972 - SV 186"]
[Site "?"]
[Date "2019.12.07"]
[Round "4.7"]
[White "Biel, Maik"]
[Black "Nekhamkis, Genadi"]
[Result "1/2-1/2"]
[WhiteElo "2115"]
[BlackElo "2110"]
[PlyCount "33"]
[EventDate "2019.??.??"]

1. d4 f5 2. c4 Nf6 3. Nc3 d6 4. g3 g6 5. Bg2 Bg7 6. d5 Nbd7 7. Nh3 Nc5 8. Nf4
a6 9. O-O O-O 10. Be3 g5 11. Nd3 Nxd3 12. Qxd3 h6 13. f4 Ng4 14. Bd4 Qe8 15.
Bxg7 Kxg7 16. Qd4+ Kg8 17. h3 1/2-1/2

[Event "OLOB 1920 SK Marburg 1931/1972 - SV 186"]
[Site "?"]
[Date "2019.12.07"]
[Round "4.8"]
[White "Yaghy, Ritta"]
[Black "Meissner, Steffen"]
[Result "1-0"]
[WhiteElo "1972"]
[BlackElo "2008"]
[PlyCount "59"]
[EventDate "2019.??.??"]

1. e4 c5 2. Nf3 Nc6 3. d4 cxd4 4. Nxd4 Nf6 5. Nc3 e5 6. Ndb5 d6 7. Bg5 a6 8.
Na3 b5 9. Nd5 Be7 10. Bxf6 Bxf6 11. c3 O-O 12. Nc2 Bg5 13. Nce3 Bxe3 14. Nxe3
Ne7 15. a4 Rb8 16. axb5 axb5 17. Bd3 Be6 18. Qe2 b4 19. O-O bxc3 20. bxc3 d5
21. exd5 Nxd5 22. Rfd1 Nf4 23. Bxh7+ Kh8 24. Qf3 Qc8 25. Be4 f5 26. Bd5 Qxc3
27. Bxe6 Nxe6 28. Qh5+ Kg8 29. Nxf5 Qc2 30. Ne7# 1-0

[Event "OLOB 1920 SK 1980 Gernsheim - Wiesbaden"]
[Site "?"]
[Date "2019.12.08"]
[Round "5.1"]
[White "Baskin, Robert"]
[Black "Mazurek, Robert"]
[Result "1/2-1/2"]
[WhiteElo "2407"]
[BlackElo "2154"]
[PlyCount "76"]
[EventDate "2019.??.??"]

1. e4 e5 2. Nf3 Nc6 3. Bb5 Nf6 4. O-O Bc5 5. c3 O-O 6. d4 Bb6 7. Re1 d6 8. h3
Bd7 9. a4 a5 10. Na3 Re8 11. Bxc6 Bxc6 12. d5 Bd7 13. Nc4 Ba7 14. Be3 Bxe3 15.
Rxe3 g6 16. b4 b6 17. bxa5 bxa5 18. Nfd2 Nh5 19. Nb3 Ra7 20. Nbxa5 Qa8 21. Nc6
Bxc6 22. dxc6 Qxc6 23. Qb3 Nf4 24. a5 Ne6 25. Ree1 Nc5 26. Qc2 Rea8 27. Ra3 Kg7
28. Kh1 Qb5 29. Qa2 Nd3 30. Rf1 Ra6 31. f3 Rb8 32. Ne3 Qc5 33. Nc4 h5 34. Kh2
Qb5 35. Rd1 Nc5 36. Ne3 Rba8 37. Rb1 Qd7 38. Nd5 R6a7 1/2-1/2

[Event "OLOB 1920 SK 1980 Gernsheim - Wiesbaden"]
[Site "?"]
[Date "2019.12.08"]
[Round "5.2"]
[White "Dietz, Holger"]
[Black "Chojnacki, Krzysztof"]
[Result "0-1"]
[WhiteElo "2306"]
[BlackElo "2375"]
[PlyCount "80"]
[EventDate "2019.??.??"]

1. e4 d6 2. d4 Nf6 3. f3 c5 4. dxc5 Qa5+ 5. Nc3 Qxc5 6. Qd3 a6 7. Be3 Qa5 8.
Nge2 Nbd7 9. Nc1 e6 10. Nb3 Qc7 11. a4 b6 12. Be2 Be7 13. O-O O-O 14. f4 Bb7
15. Bf3 Rfd8 16. g4 d5 17. e5 Ne4 18. Bd4 Ndc5 19. Qe3 Nxb3 20. cxb3 Bc5 21.
Bxe4 dxe4 22. Bxc5 bxc5 23. Rad1 Qb6 24. Rxd8+ Rxd8 25. Rd1 Rd4 26. Kf2 h6 27.
Rd2 Qxb3 28. Rxd4 cxd4 29. Qxd4 Qxb2+ 30. Ke3 Qxh2 31. Nxe4 Qh3+ 32. Kd2 Qxg4
33. Nc5 Qg2+ 34. Kc3 Bd5 35. Nxa6 Qf1 36. Nc5 h5 37. Nd7 Qa1+ 38. Kd3 Qxd4+ 39.
Kxd4 h4 40. Nb6 h3 0-1

[Event "OLOB 1920 SK 1980 Gernsheim - Wiesbaden"]
[Site "?"]
[Date "2019.12.08"]
[Round "5.3"]
[White "Geske, Julian"]
[Black "Hebbering, Tom Elliot"]
[Result "1/2-1/2"]
[WhiteElo "2379"]
[BlackElo "2224"]
[PlyCount "108"]
[EventDate "2019.??.??"]

1. e4 c5 2. Nf3 e6 3. g3 Nc6 4. Bg2 Nf6 5. Qe2 d6 6. O-O Be7 7. c3 O-O 8. d4
cxd4 9. cxd4 d5 10. e5 Ne8 11. Nc3 Nc7 12. Bf4 b6 13. Rfd1 Ba6 14. Qe3 Na5 15.
b3 Rc8 16. Bg5 Nc6 17. Rac1 h6 18. Bxe7 Nxe7 19. Qd2 Qd7 20. h4 Nb5 21. Nb1
Rxc1 22. Rxc1 Rc8 23. Bf1 Rxc1 24. Qxc1 Nc7 25. Bxa6 Nxa6 26. Qa3 Nb8 27. Nc3
Nbc6 28. Nb5 Nc8 29. Qa4 Kf8 30. Kg2 Ke8 31. Na3 Nb8 32. Qxd7+ Kxd7 33. Kf1 Nc6
34. Nc2 N8e7 35. Ke2 h5 36. Kd3 Nf5 37. Ng5 Ke7 38. Nh3 Nh6 39. Nf4 g6 40. a3
Ng4 41. f3 Nh6 42. Ne3 Kf8 43. g4 hxg4 44. fxg4 Ng8 45. Kc3 Ke7 46. a4 a5 47.
Nd3 f6 48. exf6+ Nxf6 49. Nf4 Kf7 50. Kd3 Nb4+ 51. Ke2 Nc6 52. Kd3 Nb4+ 53. Ke2
Nc6 54. Kd3 Nb4+ 1/2-1/2

[Event "OLOB 1920 SK 1980 Gernsheim - Wiesbaden"]
[Site "?"]
[Date "2019.12.08"]
[Round "5.4"]
[White "Mueller, Maximilian"]
[Black "Dubkov, Andrej"]
[Result "0-1"]
[WhiteElo "2309"]
[BlackElo "2340"]
[PlyCount "44"]
[EventDate "2019.??.??"]

1. d4 Nf6 2. Nf3 g6 3. g3 Bg7 4. Bg2 d5 5. O-O c6 6. Nbd2 O-O 7. c4 a5 8. Ne5
Ng4 9. Nxg4 Bxg4 10. h3 Be6 11. cxd5 cxd5 12. Nf3 Nc6 13. Qb3 Qd7 14. Be3 a4
15. Qb5 Ra5 16. Qb6 Rfa8 17. Bd2 R5a6 18. Qb5 Bxh3 19. Bxh3 Qxh3 20. Qxd5 Ra5
21. Bxa5 Rxa5 22. Ng5 Qxf1+ 0-1

[Event "OLOB 1920 SK 1980 Gernsheim - Wiesbaden"]
[Site "?"]
[Date "2019.12.08"]
[Round "5.5"]
[White "Gottschalk, Jens"]
[Black "Di Capua, Francesco Stefano"]
[Result "0-1"]
[WhiteElo "2270"]
[BlackElo "1944"]
[PlyCount "44"]
[EventDate "2019.??.??"]

1. d4 Nf6 2. c4 e6 3. g3 d5 4. Bg2 Bb4+ 5. Bd2 Be7 6. Nf3 O-O 7. O-O c6 8. Qc2
Nbd7 9. Bf4 Nh5 10. Bc1 f5 11. b3 Qe8 12. Ne5 f4 13. Nd2 Nxe5 14. dxe5 fxg3 15.
hxg3 Nxg3 16. Re1 Qf7 17. Nf3 Ne4 18. Be3 Bd7 19. Rf1 Qf5 20. Kh2 Qh5+ 21. Bh3
Bg5 22. Bxg5 Rxf3 0-1

[Event "OLOB 1920 SK 1980 Gernsheim - Wiesbaden"]
[Site "?"]
[Date "2019.12.08"]
[Round "5.6"]
[White "Schupp, Uwe"]
[Black "Kayser, Felix"]
[Result "1/2-1/2"]
[WhiteElo "2098"]
[BlackElo "2102"]
[PlyCount "45"]
[EventDate "2019.??.??"]

1. g3 g6 2. Bg2 Bg7 3. c4 c5 4. Nc3 Nc6 5. a3 d6 6. Rb1 a5 7. d3 e5 8. Nf3 Nge7
9. Nd2 O-O 10. Nf1 Rb8 11. Ne3 Nd4 12. Ned5 Nxd5 13. Nxd5 b5 14. e3 Ne6 15. Bd2
b4 16. O-O Bb7 17. Qa4 Kh8 18. f4 f5 19. Qc2 Bc6 20. Bc1 Qd7 21. Ra1 Qb7 22. a4
Qd7 23. Qd1 1/2-1/2

[Event "OLOB 1920 SK 1980 Gernsheim - Wiesbaden"]
[Site "?"]
[Date "2019.12.08"]
[Round "5.7"]
[White "Wichmann, Daniel"]
[Black "Mao, Kevin"]
[Result "1-0"]
[WhiteElo "2167"]
[BlackElo "2047"]
[PlyCount "35"]
[EventDate "2019.??.??"]

1. e4 e5 2. Nc3 Nc6 3. Bc4 d6 4. d3 Nf6 5. f4 Bg4 6. Nf3 Nd4 7. fxe5 Bxf3 8.
gxf3 Nh5 9. O-O Qh4 10. f4 dxe5 11. fxe5 O-O-O 12. Bxf7 Bc5 13. Qxh5 Nxc2+ 14.
Kh1 Qxh5 15. Bxh5 Nxa1 16. Bg5 Rxd3 17. Rxa1 c6 18. Be2 1-0

[Event "OLOB 1920 SK 1980 Gernsheim - Wiesbaden"]
[Site "?"]
[Date "2019.12.08"]
[Round "5.8"]
[White "Rosenberger, Frank"]
[Black "Bakiev, Diyor"]
[Result "0-1"]
[WhiteElo "2022"]
[BlackElo "2088"]
[PlyCount "118"]
[EventDate "2019.??.??"]

1. e4 c6 2. d4 d5 3. exd5 cxd5 4. Bd3 Nc6 5. c3 g6 6. Nf3 Bg7 7. Bf4 Nf6 8. O-O
O-O 9. Re1 Bf5 10. Bxf5 gxf5 11. Ne5 e6 12. Nd2 Nxe5 13. Bxe5 Kh8 14. Re3 Rg8
15. Rg3 Ng4 16. Bxg7+ Rxg7 17. h3 Nxf2 18. Qf3 Ne4 19. Rxg7 Nxd2 20. Qf4 Kxg7
21. Qxd2 Qf6 22. Rf1 Kh8 23. Qf4 Rg8 24. Rf2 Qg7 25. Qc7 f6 26. Qd6 Re8 27. Re2
Qe7 28. Qf4 b5 29. a3 a5 30. Kf1 b4 31. axb4 axb4 32. Kg1 bxc3 33. bxc3 Qa7 34.
Qh6 Qg7 35. Qf4 Qg5 36. Qd6 f4 37. Rf2 e5 38. Qxd5 e4 39. Qxg5 fxg5 40. Ra2 Rc8
41. Re2 e3 42. Rc2 Kg7 43. Kf1 Rb8 44. Ke2 Rb1 45. c4 Rg1 46. Kd3 Rd1+ 47. Kc3
h5 48. Re2 g4 49. hxg4 hxg4 50. d5 f3 51. gxf3 gxf3 52. Rxe3 f2 53. Rg3+ Kh6
54. Rf3 f1=Q 55. Rxf1 Rxf1 56. Kd4 Kg6 57. Ke5 Kf7 58. d6 Rc1 59. Kd5 Ke8 0-1

[Event "OLOB 1920 FB Mörlenbach-Birkenau - SV "]
[Site "?"]
[Date "2019.12.08"]
[Round "5.1"]
[White "Jarmula, Lukasz"]
[Black "Kunin, Vitaly"]
[Result "1/2-1/2"]
[WhiteElo "2466"]
[BlackElo "2538"]
[PlyCount "82"]
[EventDate "2019.??.??"]

1. e4 c5 2. Nf3 Nc6 3. d4 cxd4 4. Nxd4 e5 5. Nb5 a6 6. Nd6+ Bxd6 7. Qxd6 Qe7 8.
Qd1 Nf6 9. Nc3 Nd4 10. Be3 O-O 11. Bxd4 d5 12. Bb6 Qb4 13. Bc7 d4 14. f3 Qc5
15. Bxe5 Qxe5 16. Ne2 Rd8 17. Qd2 Be6 18. Rd1 Rd7 19. Nxd4 Bxa2 20. Be2 Nh5 21.
c3 Bb3 22. Ra1 Nf4 23. g3 Ne6 24. Qe3 Qc5 25. Nf5 Qxe3 26. Nxe3 Rad8 27. Nd5
Bxd5 28. exd5 Rxd5 29. Rd1 Nc5 30. Rxd5 Rxd5 31. b4 Nd3+ 32. Kf1 Kf8 33. Kg2
Nb2 34. Rc1 Rd2 35. Kf1 Na4 36. Ke1 Rb2 37. f4 Ke7 38. Bd1 Nb6 39. Bf3 Nc4 40.
Bxb7 Rxh2 41. Kf1 Ra2 1/2-1/2

[Event "OLOB 1920 FB Mörlenbach-Birkenau - SV "]
[Site "?"]
[Date "2019.12.08"]
[Round "5.3"]
[White "Nothnagel, Marian Can"]
[Black "Legde, Georg"]
[Result "1-0"]
[WhiteElo "2369"]
[BlackElo "2318"]
[PlyCount "81"]
[EventDate "2019.??.??"]

1. e4 c5 2. d4 cxd4 3. c3 dxc3 4. Nxc3 Nc6 5. Nf3 e6 6. Bc4 d6 7. O-O Nf6 8.
Qe2 Be7 9. Rd1 e5 10. Be3 O-O 11. Rac1 a6 12. a3 Bd7 13. b4 Rc8 14. h3 h6 15.
Qa2 b5 16. Bb3 a5 17. Nxb5 axb4 18. Nh4 Rb8 19. Ng6 Rxb5 20. Nxf8 Kxf8 21. Bc4
b3 22. Qb1 Rb6 23. Bxb6 Qxb6 24. Bxb3 Nd4 25. Bc4 Qa7 26. Qa2 Nxe4 27. Bxf7 Bh4
28. Bg6 Be6 29. Qb2 Nc5 30. Rxd4 exd4 31. Qxd4 Be7 32. Rb1 Qc7 33. a4 Bf6 34.
Qb4 Bf7 35. Bxf7 Kxf7 36. Qc4+ Kf8 37. Rb5 Ke7 38. a5 Kd7 39. Rb6 Ne6 40. Qb5+
Kc8 41. Rc6 1-0

[Event "OLOB 1920 FB Mörlenbach-Birkenau - SV "]
[Site "?"]
[Date "2019.12.08"]
[Round "5.4"]
[White "Dittmar, Peter"]
[Black "Grabarczyk, Miroslaw"]
[Result "1/2-1/2"]
[WhiteElo "2219"]
[BlackElo "2369"]
[PlyCount "30"]
[EventDate "2019.??.??"]

1. d4 d5 2. c4 e6 3. Nc3 Nf6 4. cxd5 exd5 5. Bg5 c6 6. e3 Bf5 7. Qf3 Bg6 8.
Bxf6 Qxf6 9. Qxf6 gxf6 10. g3 Nd7 11. Bg2 f5 12. Nf3 Be7 13. O-O Nf6 14. Ne5
Ne4 15. f3 Nxc3 1/2-1/2

[Event "OLOB 1920 FB Mörlenbach-Birkenau - SV "]
[Site "?"]
[Date "2019.12.08"]
[Round "5.5"]
[White "De Visser, Leon"]
[Black "Felgendreher, Heiko"]
[Result "1-0"]
[WhiteElo "2211"]
[BlackElo "2187"]
[PlyCount "53"]
[EventDate "2019.??.??"]

1. d4 Nf6 2. Bf4 g6 3. Nc3 d5 4. e3 Bg7 5. h4 h5 6. Nf3 O-O 7. Ne5 c6 8. Qd2 b5
9. O-O-O a5 10. f3 a4 11. Bd3 b4 12. Ne2 Qb6 13. g4 Na6 14. Rdg1 b3 15. a3 hxg4
16. c3 Nc7 17. h5 gxh5 18. Ng3 h4 19. Rxh4 Rd8 20. fxg4 Ne4 21. Qh2 f6 22. Rh1
fxe5 23. Rh8+ Bxh8 24. Qxh8+ Kf7 25. Rh7+ Ke6 26. Qxe5+ Kd7 27. Rxe7# 1-0

[Event "OLOB 1920 FB Mörlenbach-Birkenau - SV "]
[Site "?"]
[Date "2019.12.08"]
[Round "5.6"]
[White "Boehmer, Christian"]
[Black "Koehler, Ronald"]
[Result "1-0"]
[WhiteElo "2152"]
[BlackElo "2225"]
[PlyCount "63"]
[EventDate "2019.??.??"]

1. Nf3 c5 2. c4 Nf6 3. g3 d5 4. cxd5 Nxd5 5. Bg2 Nc6 6. O-O e5 7. Nc3 Nc7 8. d3
Be7 9. Be3 O-O 10. Rc1 Be6 11. Nd2 Qd7 12. Nde4 b6 13. f4 exf4 14. gxf4 f6 15.
Ng3 f5 16. Kh1 Rad8 17. Rg1 Rf7 18. Qa4 Nd5 19. Bd2 Nb8 20. Qxd7 Rxd7 21. Nxf5
Rxf5 22. e4 Rh5 23. f5 Bxf5 24. Nxd5 Bg6 25. Bf3 Re5 26. Bf4 Nc6 27. Bg4 Rb7
28. Bxe5 Nxe5 29. Bc8 Bh5 30. Bxb7 Bf3+ 31. Rg2 Nxd3 32. Nxe7+ 1-0

[Event "OLOB 1920 FB Mörlenbach-Birkenau - SV "]
[Site "?"]
[Date "2019.12.08"]
[Round "5.7"]
[White "Flach, Erich"]
[Black "Schaefer, Michael"]
[Result "1/2-1/2"]
[WhiteElo "2067"]
[BlackElo "2157"]
[PlyCount "57"]
[EventDate "2019.??.??"]

1. c4 e6 2. Nc3 d5 3. d4 Be7 4. cxd5 exd5 5. Bf4 c6 6. e3 Bf5 7. Nge2 h6 8. h3
Nf6 9. Bh2 Nbd7 10. g4 Bh7 11. Bg2 Nb6 12. O-O O-O 13. Qc1 Re8 14. b3 Bd6 15.
Bxd6 Qxd6 16. Ng3 a5 17. Qd1 Qb4 18. Na4 Nxa4 19. bxa4 Re7 20. h4 Rae8 21. g5
hxg5 22. hxg5 Ne4 23. Bxe4 Bxe4 24. Nxe4 Rxe4 25. Qh5 R8e6 26. Kg2 g6 27. Qh6
Qf8 28. Qxf8+ Kxf8 29. Rab1 1/2-1/2

[Event "OLOB 1920 FB Mörlenbach-Birkenau - SV "]
[Site "?"]
[Date "2019.12.08"]
[Round "5.8"]
[White "Wohlfart, Paulus"]
[Black "Spitzl, Vinzent"]
[Result "0-1"]
[WhiteElo "2097"]
[BlackElo "2334"]
[PlyCount "40"]
[EventDate "2019.??.??"]

1. d4 f5 2. g3 Nf6 3. Bg2 g6 4. Nf3 Bg7 5. O-O O-O 6. b3 d6 7. Bb2 c6 8. Nbd2
a5 9. a3 Na6 10. c4 e5 11. dxe5 Ng4 12. b4 Nc7 13. c5 Nxe5 14. Nxe5 dxe5 15.
Nc4 axb4 16. axb4 Be6 17. Rxa8 Qxa8 18. Nxe5 Qa2 19. Qa1 Ra8 20. Nd3 Qxa1 0-1

[Event "OLOB 1920 SF Schöneck - SV Empor Erfur"]
[Site "?"]
[Date "2019.12.08"]
[Round "5.1"]
[White "Teske, Henrik"]
[Black "Konopka, Michal"]
[Result "1/2-1/2"]
[WhiteElo "2477"]
[BlackElo "2358"]
[PlyCount "64"]
[EventDate "2019.??.??"]

1. e4 Nf6 2. e5 Nd5 3. d4 d6 4. c4 Nb6 5. f4 dxe5 6. fxe5 Nc6 7. Be3 Bf5 8. Nc3
e6 9. Nf3 Bg4 10. Qd2 Bb4 11. O-O-O Qd7 12. Be2 O-O-O 13. Rhf1 f6 14. exf6 gxf6
15. Qc2 Na5 16. b3 Rhg8 17. Bd3 Ba3+ 18. Kb1 Nc6 19. Be4 a6 20. h3 Bh5 21. g4
Bg6 22. Nh4 f5 23. gxf5 exf5 24. Bxf5 Bxf5 25. Nxf5 Nb4 26. Qf2 Kb8 27. d5 Nc8
28. Ne4 Ne7 29. Nf6 Qxf5+ 30. Qxf5 Nxf5 31. Rxf5 Rg3 32. Bc1 Bxc1 1/2-1/2

[Event "OLOB 1920 SF Schöneck - SV Empor Erfur"]
[Site "?"]
[Date "2019.12.08"]
[Round "5.2"]
[White "Marchio, Enrico"]
[Black "Langheinrich, Ferenc"]
[Result "1/2-1/2"]
[WhiteElo "2308"]
[BlackElo "2378"]
[PlyCount "39"]
[EventDate "2019.??.??"]

1. Nf3 g6 2. c4 Bg7 3. Nc3 d6 4. d4 Bg4 5. Ng5 h6 6. Nge4 Nf6 7. Nxf6+ exf6 8.
g3 O-O 9. Bg2 Nc6 10. O-O Re8 11. Qd3 a5 12. b3 Qc8 13. a3 Bh3 14. Bb2 Bxg2 15.
Kxg2 f5 16. Nd5 Ne7 17. Rac1 Qd8 18. Rc2 c6 19. Nxe7+ Qxe7 20. e3 1/2-1/2